Planta Moly y filtrado de conc.cu
Bewaard in:
| Coauteur: | |
|---|---|
| Formaat: | Boek |
| Taal: | Spaans |
| Gepubliceerd in: |
Antofagasta
INGC Ingeniería y Capacitación
2013
|
| Editie: | 1a. ed |
| Reeks: | Manual de Bolsillo, 3
|
| Onderwerpen: | |
| Tags: |
Voeg label toe
Geen labels, Wees de eerste die dit record labelt!
|
MARC
| LEADER | 00000cam a2200000 a 4500 | ||
|---|---|---|---|
| 001 | UCE3950 | ||
| 003 | CL-VaPUC | ||
| 008 | 141003e20130000cl |||||||||||||||||spa|d | ||
| 082 | 0 | 4 | |a 622.79 |b SIE |2 21 |
| 110 | 2 | |a Sierra Gorda |e author |9 576470 | |
| 245 | 1 | 0 | |a Planta Moly y filtrado de conc.cu |
| 250 | |a 1a. ed | ||
| 300 | |a 244 p | ||
| 942 | |c BK | ||
| 945 | |d 20141003 14:18:00 |a arojas | ||
| 260 | |a Antofagasta |b INGC Ingeniería y Capacitación |c 2013 | ||
| 650 | 0 | |a Industria minera |9 260256 | |
| 650 | 7 | |a INDUSTRIA MOLINERA |2 CL-VaPUC |9 410724 | |
| 650 | 7 | |a SEGURIDAD INDUSTRIAL |2 CL-VaPUC |9 254906 | |
| 583 | |a last modification |c 20141003 14:18:00 |k Rodrigo Vera | ||
| 490 | 0 | |a Manual de Bolsillo, 3 | |
| 999 | |c 357050 |d 357048 | ||
| 952 | |0 0 |1 0 |3 erb |4 0 |6 622_790000000000000_SIE_2013 |7 0 |8 P |9 464857 |a BIBARQ |b BIBARQ |i 5116775 |o 622.79 SIE 2013 |p 5116775 |r 2025-01-20 |w 2019-11-23 |y BK |z Catalogado en:20141003 |k ARQ | ||